000 00571nam a2200181Ia 4500
008 100920s9999 xx 000 0 und d
082 _b24008
_a51 थ 71
100 _aसंपादक-पाटकर मधुकर.
245 _aआमचे भाऊ.
260 _bबांदोडकर गौरव ग्रंथ, मुंबई.
_c1971
300 _a320
_bसाधी
365 _b11
520 _aचरित्र.
630 _aआमचे भाऊ.
650 _aचरित्र.
730 _aआमचे भाऊ.
942 _cBOOK
999 _c682620
_d682617